LIBRARY & INFORMATION CENTRE, KCAET, TAVANUR

ONLINE PUBLIC ACCESS CATALOGUE (OPAC)

Energy : (Record no. 14043)

MARC details
000 -LEADER
fixed length control field 01198cam a22002057a 4500
020 ## - INTERNATIONAL STANDARD BOOK NUMBER
ISBN 9781447123712 (alk. paper)
020 ## - INTERNATIONAL STANDARD BOOK NUMBER
ISBN 1447123719 (alk. paper)
020 ## - INTERNATIONAL STANDARD BOOK NUMBER
ISBN 9781447123729 (eISBN)
082 00 - DEWEY DECIMAL CLASSIFICATION NUMBER
Classification number 621.042
Item number DEM/EN
100 1# - MAIN ENTRY--AUTHOR NAME
Personal name Demirel, Yaşar.
245 10 - TITLE STATEMENT
Title Energy :
260 ## - PUBLICATION, DISTRIBUTION, ETC. (IMPRINT)
Place of publication London ;
-- New York :
Name of publisher Springer,
Year of publication c2012.
300 ## - PHYSICAL DESCRIPTION
Number of Pages xix, 507 p. :
Other physical details ill. ;
490 1# - SERIES STATEMENT
Series statement Green energy and technology
520 ## - SUMMARY, ETC.
Summary, etc "Understanding the sustainable use of energy in various processes is an integral part of engineering and scientific studies, which rely on a sound knowledge of energy systems. Whilst many institutions now offer degrees in energy-related programs, a comprehensive textbook, which introduces and explains sustainable energy systems and can be used across engineering and scientific fields, has been lacking. Energy: Production, Conversion, Storage, Conservation, and Coupling provides the reader with a practical understanding of these five main topic areas of energy including 130 examples and over 600 practice problems."--From publisher description.
650 #0 - SUBJECT ADDED ENTRY--TOPICAL TERM
Topical Term Power resources.
650 #0 - SUBJECT ADDED ENTRY--TOPICAL TERM
Topical Term Power (Mechanics)
650 #0 - SUBJECT ADDED ENTRY--TOPICAL TERM
Topical Term Electrical engineering.
942 ## - ADDED ENTRY ELEMENTS (KOHA)
Koha item type Reference
Holdings
Withdrawn status Lost status Damaged status Collection code Home library Current library Shelving location Date acquired Full call number Accession Number Koha item type
      Reference KAUAET KAUAET Reference 30/03/2013 621.042 DEM/EN 23837 Reference
free website counter